| 000 | 01094cam a2200325 a 4500 | ||
|---|---|---|---|
| 001 | 15553896 | ||
| 003 | OSt | ||
| 005 | 20140310182727.0 | ||
| 008 | 081212s2010 njuabf b 001 0 eng | ||
| 010 | _a 2008053052 | ||
| 020 | _a9789810695897 | ||
| 035 | _a(OCoLC)ocn268788901 | ||
| 040 |
_aDLC _cDLC _dBTCTA _dYDXCP _dC#P _dBWX _dDLC |
||
| 050 | 0 | 0 |
_aG 155 _b.C771 2010 |
| 100 | 1 | _aCook, Roy A. | |
| 245 | 1 | 0 |
_aTourism : _bthe business of travel / _cRoy A. Cook, Laura J. Yale, Joseph J. Marqua. |
| 250 | _a4th ed. | ||
| 260 |
_aUpper Saddle River, N.J. : _bPrentice Hall, _c2010. |
||
| 300 |
_a414 p. : _bill. ; _c28 cm. |
||
| 504 | _aIncludes bibliographical references and index. | ||
| 521 | _aTOU | ||
| 650 | 0 | _aTourism. | |
| 700 | 1 | _aYale, Laura J. | |
| 700 | 1 | _aMarqua, Joseph J. | |
| 906 |
_a7 _bcbc _corignew _d1 _eecip _f20 _gy-gencatlg |
||
| 942 |
_2lcc _cBK _kFOR |
||
| 999 |
_c15417 _d15417 |
||